Resource-use conflicts related to environmental conservation and ethical stances in contemporary economic thought
Saved in:
| Main Author: | |
|---|---|
| Other Authors: | |
| Format: | Book |
| Language: | English |
| Published: |
Brisbane
The University of Queensland
1993
|
| Series: | Discussion papers
Discussion paper No. 116 |
| Subjects: | |
| Tags: |
No Tags, Be the first to tag this record!
|
MARC
| LEADER | 00000nam a2200000 4500 | ||
|---|---|---|---|
| 001 | c110334 | ||
| 005 | 20221123112744.2 | ||
| 022 | |a 1033-4661 | ||
| 041 | 0 | |a eng | |
| 044 | |a AU | ||
| 245 | 1 | 0 | |a Resource-use conflicts related to environmental conservation and ethical stances in contemporary economic thought |c A.E. Hohl and C.A. Tisdell |
| 264 | 1 | |a Brisbane |b The University of Queensland |c 1993 | |
| 300 | |a 33 s. | ||
| 490 | 1 | |a Discussion papers |v Discussion paper No. 116 | |
| 830 | 0 | |a Discussion papers |v Discussion paper No. 116 | |
| 610 | 2 | 0 | |a zdroje finančné |
| 610 | 2 | 0 | |a konflikty |
| 610 | 2 | 0 | |a ochrana prostredia životného |
| 610 | 2 | 0 | |a etika |
| 610 | 2 | 0 | |a politika environmentálna |
| 610 | 2 | 0 | |a hodnota |
| 610 | 2 | 0 | |a teórie ekonomické |
| 610 | 2 | 0 | |a rozhodovanie |
| 100 | 1 | |a Hohl, A.E. | |
| 700 | 1 | |a Tisdell, C.A. | |